Statistics for Football (soccer) positions

Click here to take the quiz!

General Stats

  • This quiz has been taken 324 times
  • The average score is 9 of 15

Answer Stats

HintAnswer% Correct
LWLeft wing
90%
RWRight wing
90%
GKGoal keeper
84%
LMLeft midfield
80%
RMRight midfield
79%
RBRight back
78%
LBLeft back
77%
LWBLeft wing back
70%
RWBRight wing back
70%
CBCentre back
57%
CMCentre Midfield
56%
CAMCentre attacking midfield
45%
SSSecond striker
22%
CFCentre foward
16%
CDMCentre defense midfield
15%

Score Distribution

Percentile by Number Answered

Percent of People with Each Score

Your Score History

You have not taken this quiz